000 00843nam a22002295i 4500
001 52983
003 ES-MaACL
005 20250809034605.0
007 t|
008 950907s1895 sp ||||1| spa d
100 1 _aDorado Montero, Pedro,
_d1861-1919
_945376
245 1 0 _aProblemas de derecho penal.
_nI /
_cpor Pedro Dorado.
260 _aMadrid :
_b[s.n.],
_c1895 (
_fImp. de la Revista de Legislación)
300 _aXVI, 469 p. ;
_c21 cm.
490 1 _aBiblioteca jurídica de autores españoles ;
_v19
530 _aDisponible en formato digital.
650 0 7 _aDerecho penal
_2embne
_911749
830 1 _aBiblioteca jurídica de autores españoles ;
_v19
_9181120
852 _aES-MaACL
_jF-10187
856 _uhttp://bdh-rd.bne.es/viewer.vm?id=0000246343&page=1
_zBiblioteca Digital Hispánica
999 _c52983
_d52983